<?xml version="1.0" encoding="UTF-8"?>
<record
    xmlns:xsi="http://www.w3.org/2001/XMLSchema-instance"
    xsi:schemaLocation="http://www.loc.gov/MARC21/slim http://www.loc.gov/standards/marcxml/schema/MARC21slim.xsd"
    xmlns="http://www.loc.gov/MARC21/slim">

  <leader>01387nam a22001577a 4500</leader>
  <datafield tag="999" ind1=" " ind2=" ">
    <subfield code="c">514223</subfield>
    <subfield code="d">514223</subfield>
  </datafield>
  <controlfield tag="008">201016b           ||||| |||| 00| 0 eng d</controlfield>
  <datafield tag="100" ind1=" " ind2=" ">
    <subfield code="a">Dewey, Clive</subfield>
    <subfield code="9">18680</subfield>
  </datafield>
  <datafield tag="245" ind1=" " ind2=" ">
    <subfield code="a">Changing the guard: the dissolution of the nationalist&#x2013;Marxist orthodoxy in the agrarian and agricultural history of India</subfield>
  </datafield>
  <datafield tag="260" ind1=" " ind2=" ">
    <subfield code="a">Indian Economic and Social History Review</subfield>
  </datafield>
  <datafield tag="300" ind1=" " ind2=" ">
    <subfield code="a">56(4), Oct-Dec, 2019: p.489-510</subfield>
  </datafield>
  <datafield tag="520" ind1=" " ind2=" ">
    <subfield code="a">The two collections of papers seem, at first sight, to have everything in common. They deal with the two sides of the same medal: the history of peasant farming and agrarian society in the colonial period in South Asia. They have been written by teams of talented historians who stick to their overarching themes; so the two books form more coherent wholes than festschrifts and sets of conference papers have any right to do. They have been published by two commercial publishers with production values as high as many university presses: the kind of publishing houses that have sprung up in India just as they have died out in the West. As a result, no student&#x2014;no scholar&#x2014;interested in the history of agriculture or rural society in India can afford to neglect them. &#x2013; Reproduced</subfield>
  </datafield>
  <datafield tag="650" ind1=" " ind2=" ">
    <subfield code="a">Agricultural history &#x2013; India, Marxism, Agriculture   </subfield>
    <subfield code="9">18674</subfield>
  </datafield>
  <datafield tag="773" ind1=" " ind2=" ">
    <subfield code="a">Indian Economic and Social History Review</subfield>
  </datafield>
  <datafield tag="906" ind1=" " ind2=" ">
    <subfield code="a">INDIA &#x2013; HISTORY</subfield>
  </datafield>
  <datafield tag="942" ind1=" " ind2=" ">
    <subfield code="c">AR</subfield>
  </datafield>
  <datafield tag="952" ind1=" " ind2=" ">
    <subfield code="0">0</subfield>
    <subfield code="1">0</subfield>
    <subfield code="2">ddc</subfield>
    <subfield code="4">0</subfield>
    <subfield code="7">0</subfield>
    <subfield code="9">388234</subfield>
    <subfield code="a">IIPA</subfield>
    <subfield code="b">IIPA</subfield>
    <subfield code="d">2020-10-16</subfield>
    <subfield code="h">56(4), Oct-Dec, 2019: p.489-510</subfield>
    <subfield code="p">AR123262</subfield>
    <subfield code="r">2020-10-16</subfield>
    <subfield code="y">AR</subfield>
  </datafield>
</record>
